000 00291nam a22001337a 4500
008 170329b xxu||||| |||| 00| 0 eng d
020 _a0409951110
041 _aeng
080 _a616-053.2
100 _a8
101 _ashm
245 _aPEDIATRIC NUTRITION
_cSUTPHEN, J.L
942 _2udc
_cBK
999 _c9039
_d9039